000 01625nam a2200325Ia 4500
001 B6234
003 IT-RoPAU
008 130308s9999 xx 000 0 und d
040 _aIT-RoPAU
040 _cIT-RoPAU
041 _aITALIANO
100 _aQuintiliano Marco Fabio
100 _gCodice Aut. SPICS: 38999
240 _aINSTITUTIO ORATORIA
240 _gCodice Tit. Orig. Spics: T2678
245 _aIstituzione oratoria (L')-2 Volumi
245 _bIstituzione Oratoria (L')-2 Volumi
250 _a3a ed.
260 _aTORINO
260 _bUTET
260 _c1992 [1° Ed.:1968 - Ed.Ling.Originale:0]
300 _a"1594 p. (prefazione: no ; testo: 1594 [pagine: 0-0])"
500 _aTesto dell'Opera in Italiano con testo Originale Latino a Fronte. Introduzione e cura di Rino Faranda e Piero Pecchiura. Note biografiche Sull'Autore. Introduzione al testo : Contenuto dell'Opera Scritta nel 96 Dopo Cristo. Divisa in 12 Libri. Nota bibliografica e Nota Critica su Ogni Singolo Libro.Sunto Dettagliato del Contenuto di Ogni Libro: Come bisogna Impartire I Primi rudimenti del Sapere. Quando Affidare Il Ragazzo al maestro di Retorica. Essenza della Retorica e Sua Definizione. Retorica Come Arte. Origini e Parti della Retorica. Eloquenza. figure Retoriche. Tropi. Come Declamare. Strumenti dell'arte Oratoria. Stile Oratorio. Conoscenza del Diritto e Difesadelle Cause. L'Oratore Deve Essere un Uomo Onesto. indice dei Nomi e Delletavole Illustrative.
650 _aSAGGI DI LINGUISTICA
650 _eCodice materia Spics: 3207
942 _cBK
957 _71
999 _c76393
_d76393
999 _bSI
999 _g1